000
002590000a22000970004500
100
1
_a
Green, Guillermo
245
1
0
_a
Del escritorio al púlpito : ¿Un disco rayado?
300
_a
Vol. 2, Núm 2 (2000), Páginas 37-45
773
0
_t
Reforma Siglo 21
942
_c
ANA
999
_c
52902
_d
52902